Geometry of decomposable directing modules over tame algebras /

Guardado en:
Detalles Bibliográficos
Autor principal: Bobinski, Grzegorz.
Formato: Artículo
Lenguaje:English
Materias:
Etiquetas: Agregar Etiqueta
Sin Etiquetas, Sea el primero en etiquetar este registro!
Thư viện lưu trữ: Thư viện Trường Đại học Đà Lạt
LEADER 00862nam a2200289 4500
001 DLU090078047
005 ##20090608
040 # # |a DLU  |b eng 
041 # # |a eng 
044 # # |a JP 
100 # # |a Bobinski, Grzegorz.  
245 # # |a Geometry of decomposable directing modules over tame algebras /  |c Grzegorz Bobinski. 
653 # # |a Complete intersection 
653 # # |a Directing module 
653 # # |a Module variety  
653 # # |a Normal variety 
653 # # |a Tilting module 
773 # # |t Journal of the Mathematical Society of Japan  |g Vol. 54, no. 3 (July 2002), p. 609-620 
920 # # |a Phòng Tạp chí -- Trung tâm Thông tin - Thư viện Trường Đại học Đà Lạt 
994 # # |a DLU 
900 # # |a True 
911 # # |a Trương Bảo Trâm Anh 
925 # # |a G 
926 # # |a A 
927 # # |a BB 
980 # # |a Thư viện Trường Đại học Đà Lạt